000
00216 a2200097 4500
001
3870
100
_a
Parkes, G.D
245
_a
Mellors moder inorganic chemistry
260
_a
_b
Eng language
_c
090
_c
3101
_d
3101
942
_a
NUST-CAE
_c
M
_c
23348
999
_c
238943
_d
238943